Chefs-Lieux des Départements de la DIRO - Statistiques

Statistiques générales
  • Ce quiz a été pris 45 fois
  • Le résultat moyen est 17 sur 20
Réponses sur la Carte
Les réponses sont colorées sur une échelle allant du rouge au vert en fonction du pourcentage des utilisateurs qui les ont devinées à leur premier essai. Vous pouvez retrouver ces pourcentages ci-dessous.
 
Statistiques - réponses
Départements Chefs-Lieux % Correct
Ille-et-Vilaine Rennes
100%
Calvados Caen
96%
Loire-Atlantique Nantes
96%
Finistère Quimper
96%
Sarthe Le Mans
93%
Morbihan Vannes
89%
Eure-et-Loir Chartres
86%
Vendée La Roche-sur-Yon
86%
Côtes-d'Armor Saint-Brieuc
86%
Maine-et-Loire Angers
82%
Mayenne Laval
82%
Manche Saint-Lô
82%
Eure Évreux
79%
Loiret Orléans
79%
Seine-Maritime Rouen
79%
Indre Châteauroux
75%
Indre-et-Loire Tours
75%
Cher Bourges
71%
Loir-et-Cher Blois
64%
Orne Alençon
61%
Aucun quiz correspondant
Distribution des résultats
% des personnes avec chaque résultat
Percentile par nombre de réponses
Votre historique - résultats
Vous n’avez pas pris ce quiz